V-5 KOŞAMAYAN KIZILDERELİ (Record no. 588629)

MARC details
000 -LEADER
sabit uzunluktaki kontrol alanı 00276nam a2200109Ia 4500
001 - KONTROL NUMARASI
kontrol alanı 588629
005 - EN SON İŞLEMİN TARİH VE ZAMANI
kontrol alanı 20250717120835.0
008 - SABİT-UZUNLUKTA VERİ ÖĞELERİ--GENEL BİLGİ
sabit uzunluktaki kontrol alanı 250717s9999 xx 000 0 und d
245 #0 - ESER / YAZAR
ESER ADI V-5 KOŞAMAYAN KIZILDERELİ
Yazar Adı LEIGH SAUERWEIN
260 ## - YAYIN, DAĞITIM, VB.
YAYIN EVİ ERDEM YAYINLARI
Yayın, dağıtım tarihi, vb. 2017
300 ## - FİZİKSEL AÇIKLAMA
Diğer fiziksel ayrıntılar 94

No items available.